A first course in mathematical economics / by Sunada Roy. (Record no. 22195)

000 -LEADER
fixed length control field 00409nam a22001337a 4500
020 ## - INTERNATIONAL STANDARD BOOK NUMBER
ISBN 9781527547230
082 ## - DEWEY DECIMAL CLASSIFICATION NUMBER
Classification number 330.0151
Item number R888 2020
100 ## - MAIN ENTRY--AUTHOR NAME
Personal name Roy, Sunanda, author.
245 ## - TITLE STATEMENT
Title A first course in mathematical economics / by Sunada Roy.
260 ## - PUBLICATION, DISTRIBUTION, ETC. (IMPRINT)
Place of publication UK :
Name of publisher Cambridge Scholars Publishing,
Year of publication c2020.
300 ## - PHYSICAL DESCRIPTION
Number of Pages 1 online resource, xii, 344 pages.
650 ## - SUBJECT ADDED ENTRY--TOPICAL TERM
Topical Term Mathematical economics.
942 ## - ADDED ENTRY ELEMENTS (KOHA)
Koha item type Electronic Books
Holdings
Source of acquisition Permanent Location Date acquired Collection code Koha item type Lost status Shelving location Withdrawn status Current Location Full call number
Donation Cagayan State University - Carig Library2026-04-14E-BooksElectronic Books E-Resource Section Cagayan State University - Carig Library330.0151 R888 2020

Cagayan State University University Library, Carig Campus
Tuguegarao City, Cagayan 3500 | www.csucarig.edu.ph

Powered by Koha